000 01190nam0a2200301 4500
001 RU\NLR\bibl\1149125
005 20260406044424.0
010 _a978-5-367-00559-2
_95000
035 _a(NLR Aleph) 001135930
090 _a1387241
_c1387241
100 _a20071102d2007 |||y0rusy50 ca
101 1 _arus
_cund
102 _aRU
105 _ay |||||||||
200 1 _aПисания мужей апостольских
_f[пер. протоиер. Петра Преображенского с ввод. ст. и коммент.
_gпредисл. Р.В. Светлова]
210 _aСанкт-Петербург
_cАмфора
_d2007
215 _a473,[1] с.
_d21
225 1 _aАлександрийская библиотека
320 _aПроизведения древ. авторов: с. 468-473
606 0 _aПатристика
_92291912
_3RU\NLR\auth\661372588
686 _aЭ37-4
702 1 _4730
_8rus
_7ca
_aПреображенский
_bП. Ф.
_f1894-1941
_gПетр Федорович
_3RU\NLR\auth\774284
_9114266
801 0 _aRU
_bNLR
_c20071102
_gRCR
801 1 _aRU
_bNLR
_c20071102
942 _cBOOK
980 _aNB